| 000 | 00840nam a2200217 a 4500 | ||
|---|---|---|---|
| 005 | 20200104041506.0 | ||
| 008 | 140114t1994 enkao fr|||| 000 0 eng d | ||
| 040 |
_aCO-BoIAVH _cCO-BoIAVH |
||
| 041 | 0 | _aeng | |
| 044 | _aenk | ||
| 082 | 0 | 4 |
_a580.73 _bB74e |
| 110 | 2 |
_aBotanic Gardens Conservation International _bBotanic Gardens Conservation International |
|
| 245 | 1 | 0 |
_aEnvironmental education in botanic gardens : _bguidelines for developing individual strategies |
| 260 |
_aLondres : _bBotanic Gardens Conservation International , _cc1994. |
||
| 300 |
_a32 paginas : _bIlustraciones, fotografías ; _c30 x 22 cm. |
||
| 504 | _aIncluye referencias bibliográficas: página 32. | ||
| 650 | 1 | 6 | _aJardines botánicos |
| 650 | 2 | 6 | _aEducación ambiental |
| 650 | 2 | 6 | _aParticipación comunitaria |
| 942 |
_cLIBRO _2ddc |
||
| 999 |
_c137 _d137 |
||